00515nam a2200157Ia 450000500170000000800410001708200130005810000180007124500200008926000690010930000190017850000440019794200060024195200950024799900150034220250429024832.0240331s9999 xx 000 0 und d bTHIa300 aThiagarajah,T 0aUravum thunaum  aRajagiriyabViluthu, Centre for Human Resource Developmentc2005 a36 p ., ( C 2) aAatruppani Uthaviyalarkalukkana Kaiyedu cL 001040708LaWERCLbWERCLcSSCd2024-03-31l0o 300 THIp6150r2024-03-31w2024-03-31yL c5625d5625